000 00624nam a2200229Ia 4500
003 OSt
005 20220918180130.0
006 a|||||r|||| 00| 0
007 ta
008 220917b |||||||| |||| 00| 0 eng d
024 _a20,762
037 _cTextual
040 _aARTS
_cARTS
_beng
041 _2eng
_aeng
082 _aO:3M11:14, J7
100 _aThackerary William Makepeace ed
_955705
245 0 _aHistory of Henry Esmond written by himself
260 _c1957
650 _aENGLISH LITERATURE
942 _hO:3M11:14, J7
_cTEXL
_2CC
999 _c160405
_d160405